Un día en la playa con Peca y Lino / (Registro nro. 12593)

Detalles MARC
000 -LEADER
fixed length control field 00587nam a22001937a 4500
003 - CONTROL NUMBER IDENTIFIER
control field DO-SdBNP
005 - DATE AND TIME OF LATEST TRANSACTION
control field 20170714152216.0
008 - FIXED-LENGTH DATA ELEMENTS--GENERAL INFORMATION
fixed length control field 170714b19uu xx |00| 0 spa d
040 ## - CATALOGING SOURCE
Original cataloging agency BPMSU
Language of cataloging spa
Transcribing agency BPMSU
100 ## - MAIN ENTRY--PERSONAL NAME
Personal name Gil, Carmen
245 ## - TITLE STATEMENT
Title Un día en la playa con Peca y Lino /
Statement of responsibility, etc. Carmen Gil ; ilustración Ana Guillén
260 ## - PUBLICATION, DISTRIBUTION, ETC. (IMPRINT)
Place of publication, distribution, etc. [s.n.] :
Name of publisher, distributor, etc. Editorial SM,
Date of publication, distribution, etc. 2005
300 ## - PHYSICAL DESCRIPTION
Extent [10] p. :
Other physical details il. ;
Dimensions 20 cm.
490 ## - SERIES STATEMENT
Series statement Edución infantil
Volume/sequential designation
700 ## - ADDED ENTRY--PERSONAL NAME
Personal name Guillén, Ana
Relator term ilustración
830 ## - SERIES ADDED ENTRY--UNIFORM TITLE
Uniform title Edución infantil
942 ## - ADDED ENTRY ELEMENTS (KOHA)
Source of classification or shelving scheme Dewey Decimal Classification
Koha item type Libros
956 ## - LOCAL ELECTRONIC LOCATION AND ACCESS (OCLC)
Host name VMATEO
Access number 10
Compression information 20170724
Path BPMSU
Electronic name 0069

No hay ítems disponibles.